<?xml version="1.0" encoding="UTF-8"?><?xml-stylesheet type="text/xsl" href="static/style.xsl"?><OAI-PMH xmlns="http://www.openarchives.org/OAI/2.0/" xmlns:xsi="http://www.w3.org/2001/XMLSchema-instance" xsi:schemaLocation="http://www.openarchives.org/OAI/2.0/ http://www.openarchives.org/OAI/2.0/OAI-PMH.xsd"><responseDate>2026-06-01T18:57:21Z</responseDate><request verb="GetRecord" identifier="oai:riuma.uma.es:10630/37867" metadataPrefix="marc">https://riuma.uma.es/rest/oai/request</request><GetRecord><record><header><identifier>oai:riuma.uma.es:10630/37867</identifier><datestamp>2026-02-03T10:57:03Z</datestamp><setSpec>com_10630_2254</setSpec><setSpec>col_10630_37953</setSpec></header><metadata><record xmlns="http://www.loc.gov/MARC21/slim" xmlns:dcterms="http://purl.org/dc/terms/" xmlns:doc="http://www.lyncode.com/xoai" xmlns:xsi="http://www.w3.org/2001/XMLSchema-instance" xsi:schemaLocation="http://www.loc.gov/MARC21/slim http://www.loc.gov/standards/marcxml/schema/MARC21slim.xsd">
   <leader>00925njm 22002777a 4500</leader>
   <datafield ind2=" " ind1=" " tag="042">
      <subfield code="a">dc</subfield>
   </datafield>
   <datafield ind2=" " ind1=" " tag="720">
      <subfield code="a">Galán-Mercant, Alejandro</subfield>
      <subfield code="e">author</subfield>
   </datafield>
   <datafield ind2=" " ind1=" " tag="720">
      <subfield code="a">Cuesta-Vargas, Antonio</subfield>
      <subfield code="e">author</subfield>
   </datafield>
   <datafield ind2=" " ind1=" " tag="260">
      <subfield code="c">2014-09-12</subfield>
   </datafield>
   <datafield ind2=" " ind1=" " tag="520">
      <subfield code="a">Background: The diagnosis of frailty is based on physical impairments and clinicians have indicated that early detection is one of the most effective methods for reducing the severity of physical frailty. Maybe, an alternative to the classical diagnosis could be the instrumentalization of classical functional testing, as Romberg test or Timed Get Up and Go Test. The aim of this study was (I) to measure and describe the magnitude of accelerometry values in the Romberg test in two groups of frail and non-frail elderly people through instrumentation with the iPhone 4®, (II) to analyse the performances and differences between the study groups, and (III) to analyse the performances and differences within study groups to characterise accelerometer responses to increasingly difficult challenges to balance.&#xd;
Methods: This is a cross-sectional study of 18 subjects over 70 years old, 9 frail subjects and 9 non-frail subjects. The non-parametric Mann-Whitney U test was used for between-group comparisons in means values derived from different tasks. The Wilcoxon Signed-Rank test was used to analyse differences between different variants of the test in both independent study groups.&#xd;
Results: The highest difference between groups was found in the accelerometer values with eyes closed and feet parallel: maximum peak acceleration in the lateral axis (p &lt; 0.01), minimum peak acceleration in the lateral axis (p &lt; 0.01) and minimum peak acceleration from the resultant vector (p &lt; 0.01). Subjects with eyes open and feet parallel, greatest differences found between the groups were in the maximum peak acceleration in the lateral axis (p &lt; 0.01), minimum peak acceleration in the lateral axis (p &lt; 0.01) and minimum peak acceleration from the resultant vector (p &lt; 0.001).&#xd;
Conclusions: The accelerometer fitted in the iPhone 4® is able to study and analyse the kinematics of the Romberg test between frail and non-frail elderly people.</subfield>
   </datafield>
   <datafield ind1="8" ind2=" " tag="024">
      <subfield code="a">Galán-Mercant A, Cuesta-Vargas AI. Mobile Romberg test assessment (mRomberg). BMC Res Notes. 2014 Sep 12;7:640. doi: 10.1186/1756-0500-7-640. PMID: 25217250; PMCID: PMC4167282.</subfield>
   </datafield>
   <datafield ind1="8" ind2=" " tag="024">
      <subfield code="a">https://hdl.handle.net/10630/37867</subfield>
   </datafield>
   <datafield ind1="8" ind2=" " tag="024">
      <subfield code="a">10.1186/1756-0500-7-640</subfield>
   </datafield>
   <datafield tag="653" ind2=" " ind1=" ">
      <subfield code="a">Informática médica</subfield>
   </datafield>
   <datafield ind2="0" ind1="0" tag="245">
      <subfield code="a">Mobile Romberg test assessment (mRomberg)</subfield>
   </datafield>
</record>
</metadata></record></GetRecord></OAI-PMH>